000 00463nam a22001937a 4500
005 20180703152404.0
008 180703b xxu||||| |||| 00| 0 eng d
020 _a9781409158370
040 _beng
041 _aEnglish
082 _aF
_bHOR
100 _aHorowitz, Anthony
245 _aMagpie murders
_cAnthony Horowitz
260 _aLondon
_bOrion Books
_c2016
300 _a200p
_b24 cm
650 _aFiction in English
850 _aLCLIB
942 _cBK
999 _c41628
_d92107